00677nam a2200205Ia 4500008004100000020001500041040001800056041000800074245009200082260004600174300001800220504004800238650003300286650001200319650001200331650002800343700004000371700003000411700003000441130821s1997 sp gr spa  a8470304186 aCo-BoUCMbspa00aspa13aLa filosofía moral y política de Jürgen HabermascEditor José Antonio Gimbernat aMadrid (España)bBiblioteca Nuevac1997 a271 páginas aIncluye notas al final de p gina e índice04aCrítica e interpretación04aDerecho04aÉtica04aFilosofía del derecho aGIMBERNAT, José Antonio.eeditor.1 aHabermas, Jürgend1929-1 aHabermas, Jürgend1929-